[Event "4NCL/Div4/PAND vs. HC"]
[Site "Sunningdale ENG"]
[Date "2007.02.10"]
[Round "5.5"]
[White "Payne, Nick"]
[Black "Goodwin, Ed"]
[Result "1-0"]
[WhiteElo "2071"]
[BlackElo "1985"]
[PlyCount "79"]
[EventDate "2007.02.10"]
[EventType "team"]
[EventRounds "11"]
[EventCountry "ENG"]

1. e4 e6 2. d4 d5 3. Nd2 c5 4. exd5 exd5 5. dxc5 Bxc5 6. Nb3 Bb6 7. Nf3 Bg4 8.
Be2 Ne7 9. O-O O-O 10. h3 Bh5 11. Re1 Nbc6 12. Nfd4 Bxe2 13. Rxe2 Ng6 14. Be3
Re8 15. Qe1 Qf6 16. Rd1 Rad8 17. Qd2 h6 18. Rde1 Re4 19. c3 Nce5 20. Qc2 Nc4
21. Nd2 Nxd2 22. Qxd2 Ne5 23. b3 Ng6 24. Nf3 Bxe3 25. Rxe3 Rde8 26. Rd1 Rxe3
27. fxe3 Qe6 28. Kf2 Qb6 29. Qd4 Qa6 30. Rd2 Qc6 31. Rd3 Qa6 32. a4 Rd8 33. c4
Qc6 34. cxd5 Qc2+ 35. Kg1 Qb1+ 36. Kh2 Ne7 37. e4 Nc6 38. Qc3 Nb4 39. Rd4 Na6
40. d6 {time} 1-0

[Event "4NCL/Div4/PAND vs. HC"]
[Site "Sunningdale ENG"]
[Date "2007.02.10"]
[Round "5.6"]
[White "Hogarth, Mark J"]
[Black "Coates, David"]
[Result "1/2-1/2"]
[WhiteElo "1918"]
[BlackElo "2055"]
[PlyCount "95"]
[EventDate "2007.02.10"]
[EventType "team"]
[EventRounds "11"]
[EventCountry "ENG"]

1. d4 d5 2. c4 e6 3. Nc3 Nf6 4. Bg5 Be7 5. e3 O-O 6. Nf3 h6 7. Bxf6 Bxf6 8.
cxd5 exd5 9. h3 b6 10. Bd3 Bb7 11. Qc2 Be7 12. O-O Nd7 13. Rfc1 Nf6 14. Ne5 c6
15. Na4 Rc8 16. Bf5 Rc7 17. Nc3 Bd6 18. Qa4 Qe7 19. Nf3 g6 20. Bd3 Bc8 21. Rab1
Bd7 22. Qd1 Ne4 23. a3 Re8 24. b4 Bf5 25. Bxe4 Bxe4 26. Nxe4 Qxe4 27. Nd2 Qe6
28. Nb3 Rcc8 29. Rc2 Bb8 30. Rbc1 Qd6 31. g3 Rxe3 32. fxe3 Qxg3+ 33. Kf1 Re8
34. Qg4 Qxe3 35. Re2 Qd3 36. Nd2 Rxe2 37. Qxe2 Qxh3+ 38. Ke1 Qxa3 39. Qe8+ Kg7
40. Qxc6 Qe3+ 41. Kd1 Bf4 42. Qc3 Qe6 43. Kc2 h5 44. Kb3 h4 45. Rh1 g5 46. Nf3
h3 47. Nxg5 Bxg5 48. Qxh3 1/2-1/2

[Event "4NCL/Div4/SUTC vs. MONM"]
[Site "Sunningdale ENG"]
[Date "2007.02.10"]
[Round "5.1"]
[White "Addis, Mark"]
[Black "Sully, David"]
[Result "1/2-1/2"]
[WhiteElo "2060"]
[BlackElo "2135"]
[PlyCount "56"]
[EventDate "2007.02.10"]
[EventType "team"]
[EventRounds "11"]
[EventCountry "ENG"]

1. d4 e6 2. c4 b6 3. Nc3 Bb7 4. a3 f5 5. f3 Nf6 6. Bg5 Be7 7. Qc2 O-O 8. O-O-O
h6 9. Bh4 Na6 10. e3 Ne8 11. Bf2 Bf6 12. e4 fxe4 13. fxe4 c5 14. e5 Bg5+ 15.
Kb1 cxd4 16. Bxd4 Rc8 17. Nf3 Rxf3 18. gxf3 Bxf3 19. Bg2 Bxd1 20. Rxd1 Nc5 21.
Bxc5 Rxc5 22. Re1 Qe7 23. Na4 Rc8 24. Qe4 d6 25. Bh3 dxe5 26. Qxe5 Nc7 27. c5
b5 28. Nc3 Re8 1/2-1/2

[Event "4NCL/Div4/SUTC vs. MONM"]
[Site "Sunningdale ENG"]
[Date "2007.02.10"]
[Round "5.2"]
[White "Thomas, Joseff"]
[Black "Escott, Keith"]
[Result "0-1"]
[WhiteElo "2028"]
[BlackElo "2065"]
[PlyCount "134"]
[EventDate "2007.02.10"]
[EventType "team"]
[EventRounds "11"]
[EventCountry "ENG"]

1. e4 c5 2. d4 cxd4 3. c3 dxc3 4. Nxc3 Nc6 5. Nf3 e6 6. Bc4 a6 7. O-O Nge7 8.
Bg5 h6 9. Bh4 g5 10. Bg3 Ng6 11. Qe2 g4 12. Nd2 Nce5 13. f4 gxf3 14. Nxf3 Nxc4
15. Qxc4 b5 16. Qe2 d6 17. Rad1 Qc7 18. Kh1 Bb7 19. Nd4 Rd8 20. Qg4 Qe7 21. Qh5
b4 22. Nd5 exd5 23. exd5 Qg5 24. Qe2+ Be7 25. Rf5 Bxd5 26. Rxg5 hxg5 27. Nf5
Be6 28. Ng7+ Kf8 29. Nxe6+ fxe6 30. Qxe6 Kg7 31. Rc1 Rhf8 32. Kg1 d5 33. Rc7
Rf7 34. Be5+ Nxe5 35. Rxe7 Rxe7 36. Qxe7+ Nf7 37. Kf2 a5 38. Ke3 d4+ 39. Kd3
Rd5 40. Qb7 Rd6 41. g3 Kf6 42. Qb5 Ne5+ 43. Ke4 Nf7 44. Qf5+ Ke7 45. Kd3 a4 46.
Qb5 a3 47. b3 Ke6 48. h4 gxh4 49. gxh4 Ne5+ 50. Ke4 Nc6 51. Qf5+ Ke7 52. Qg5+
Ke6 53. Qg6+ Ke7 54. Qg7+ Ke6 55. Qg4+ Ke7 56. Qg5+ Kf7 57. Kd3 Ke6 58. h5 Ne5+
59. Ke4 Nf7 60. Qf5+ Ke7 61. Kd3 Kf8 62. Qc5 Kg7 63. Qxb4 Rd8 64. Qxa3 Ne5+ 65.
Ke4 Nf7 66. b4 Kh6 67. Qf3 Ng5+ 0-1

[Event "4NCL/Div4/SUTC vs. MONM"]
[Site "Sunningdale ENG"]
[Date "2007.02.10"]
[Round "5.3"]
[White "Soszynski, Marek"]
[Black "Waterfield, John"]
[Result "0-1"]
[WhiteElo "1900"]
[BlackElo "2039"]
[PlyCount "77"]
[EventDate "2007.02.10"]
[EventType "team"]
[EventRounds "11"]
[EventCountry "ENG"]

1. e4 c5 2. Nf3 d6 3. Bb5+ Nd7 4. O-O Ngf6 5. Re1 a6 6. Bf1 e6 7. d4 cxd4 8.
Qxd4 Qc7 9. c4 Ne5 10. Nxe5 dxe5 11. Qc3 Bc5 12. Qg3 Qb6 13. h3 O-O 14. Nc3 Bd4
15. Re2 Bd7 16. Bg5 Nh5 17. Qf3 f6 18. Be3 g6 19. g4 Ng7 20. Nd1 f5 21. b4 Bc6
22. c5 Qxb4 23. Bxd4 exd4 24. Rc1 Bxe4 25. Rxe4 fxe4 26. Qxe4 Qd2 27. Qc2 Qxc2
28. Rxc2 Rac8 29. a4 e5 30. Bd3 Rfd8 31. f3 Kf8 32. Nf2 Ne6 33. c6 Rxc6 34.
Rxc6 bxc6 35. Ne4 a5 36. Bc4 Ke7 37. Kf1 Rb8 38. Nd2 Nc5 39. Bg8 0-1

[Event "4NCL/Div4/SUTC vs. MONM"]
[Site "Sunningdale ENG"]
[Date "2007.02.10"]
[Round "5.4"]
[White "Davis, Lee"]
[Black "Burgess, Thomas"]
[Result "1/2-1/2"]
[WhiteElo "2015"]
[BlackElo "1835"]
[PlyCount "36"]
[EventDate "2007.02.10"]
[EventType "team"]
[EventRounds "11"]
[EventCountry "ENG"]

1. d4 e6 2. g3 Nf6 3. Bg2 d5 4. Nf3 c5 5. O-O Nc6 6. c4 Be7 7. Nc3 cxd4 8. Nxd4
O-O 9. cxd5 exd5 10. b3 Re8 11. Bb2 Bc5 12. Nf3 Bg4 13. Rc1 Bf8 14. a3 a6 15.
Nd4 Nxd4 16. Qxd4 Bxe2 17. Rfe1 Bh5 18. Nxd5 Nxd5 1/2-1/2

[Event "4NCL/Div4/SUTC vs. MONM"]
[Site "Sunningdale ENG"]
[Date "2007.02.10"]
[Round "5.5"]
[White "Lawrence, Roy"]
[Black "Thomas, Jac"]
[Result "0-1"]
[WhiteElo "1820"]
[BlackElo "1932"]
[PlyCount "56"]
[EventDate "2007.02.10"]
[EventType "team"]
[EventRounds "11"]
[EventCountry "ENG"]

1. d4 Nf6 2. Nf3 g6 3. c4 Bg7 4. Nc3 O-O 5. e4 d6 6. Be2 Nbd7 7. O-O c5 8. d5
a6 9. a4 Ng4 10. h3 Nge5 11. Nd2 Nf6 12. f4 Ned7 13. Nf3 Ne8 14. Qc2 Nc7 15. f5
Ne5 16. Ng5 Rb8 17. Bf4 Bd7 18. Bxe5 Bxe5 19. Qd3 b5 20. fxg6 hxg6 21. axb5
axb5 22. cxb5 Nxb5 23. Bg4 Nxc3 24. Bxd7 Rxb2 25. Ra7 Ne2+ 26. Kh1 Ng3+ 27. Kg1
c4 28. Qa3 Qb6+ 0-1

[Event "4NCL/Div4/PPA2 vs. LEICS"]
[Site "Sunningdale ENG"]
[Date "2007.02.10"]
[Round "5.1"]
[White "Goodger, Martyn"]
[Black "Byron, Alan M"]
[Result "1/2-1/2"]
[WhiteElo "2096"]
[BlackElo "2267"]
[PlyCount "77"]
[EventDate "2007.02.10"]
[EventType "team"]
[EventRounds "11"]
[EventCountry "ENG"]

1. e4 c6 2. c4 d5 3. exd5 cxd5 4. cxd5 Nf6 5. Qa4+ Nbd7 6. Nc3 g6 7. Nf3 Bg7 8.
Bc4 O-O 9. d3 a6 10. Qa3 b6 11. O-O Bb7 12. Re1 b5 13. Bb3 Re8 14. Ng5 Bf8 15.
d6 e6 16. Nge4 Qb8 17. Qa5 Nxe4 18. Nxe4 Bxe4 19. dxe4 Bxd6 20. h3 Nc5 21. Qc3
Rc8 22. Qf3 Nxb3 23. Qxb3 Rc4 24. Bd2 Be5 25. Rac1 Qd6 26. Rxc4 bxc4 27. Qc2
Qd3 28. Rc1 Rd8 29. Qxd3 cxd3 30. b3 Kg7 31. Kf1 f5 32. exf5 exf5 33. Ke1 Kf7
34. Kd1 Rd7 35. Bc3 Bf4 36. Bd2 Be5 37. Bc3 Bf4 38. Bd2 Be5 39. Bc3 1/2-1/2

[Event "4NCL/Div4/PPA2 vs. LEICS"]
[Site "Sunningdale ENG"]
[Date "2007.02.10"]
[Round "5.2"]
[White "Jones, Christopher M"]
[Black "Bailey, Kevin"]
[Result "1/2-1/2"]
[WhiteElo "2150"]
[BlackElo "2108"]
[PlyCount "39"]
[EventDate "2007.02.10"]
[EventType "team"]
[EventRounds "11"]
[EventCountry "ENG"]

1. d4 d5 2. Nf3 Nf6 3. e3 c5 4. b3 Nc6 5. Bb2 Bg4 6. Be2 e6 7. O-O Be7 8. Nbd2
O-O 9. Ne5 Bxe2 10. Qxe2 cxd4 11. exd4 Qb6 12. Ndf3 Nxe5 13. Nxe5 Rfe8 14. Qf3
Rac8 15. c3 Bd6 16. Rac1 Rc7 17. Qe2 Rec8 18. f3 Qa5 19. Ba1 Qb6 20. Kh1
1/2-1/2

[Event "4NCL/Div4/PPA2 vs. LEICS"]
[Site "Sunningdale ENG"]
[Date "2007.02.10"]
[Round "5.3"]
[White "McCorry, Robert T"]
[Black "Mansson, James C"]
[Result "0-1"]
[WhiteElo "2132"]
[BlackElo "2120"]
[PlyCount "60"]
[EventDate "2007.02.10"]
[EventType "team"]
[EventRounds "11"]
[EventCountry "ENG"]

1. d4 d5 2. c4 c6 3. Nf3 Nf6 4. e3 e6 5. Nc3 Nbd7 6. Qc2 Bd6 7. b3 O-O 8. Be2
dxc4 9. bxc4 e5 10. O-O Qe7 11. Bd3 Re8 12. Ng5 h6 13. Nge4 Nxe4 14. Nxe4 Bc7
15. Ng3 Nf6 16. f3 exd4 17. exd4 Qd6 18. Bb2 Nh5 19. Rfe1 Bd7 20. Nf1 c5 21. d5
Ba5 22. Red1 Nf4 23. Bh7+ Kh8 24. Be4 f5 25. Bxf5 Re2 26. Qb1 Rxg2+ 27. Kh1
Bxf5 28. Bxg7+ Rxg7 29. Qxf5 Rf8 30. Qe4 Nh3 0-1

[Event "4NCL/Div4/PPA2 vs. LEICS"]
[Site "Sunningdale ENG"]
[Date "2007.02.10"]
[Round "5.4"]
[White "Edwards, Alan"]
[Black "Winfridsson, Ola"]
[Result "0-1"]
[WhiteElo "2123"]
[BlackElo "2099"]
[PlyCount "73"]
[EventDate "2007.02.10"]
[EventType "team"]
[EventRounds "11"]
[EventCountry "ENG"]

1. e4 c6 2. d4 d5 3. exd5 cxd5 4. c4 Nf6 5. Nc3 Nc6 6. Nf3 Be6 7. cxd5 Nxd5 8.
Be2 g6 9. Ng5 Nxc3 10. bxc3 Bd5 11. O-O h6 12. Nf3 Bg7 13. Bf4 O-O 14. Qd2 Kh7
15. h3 Re8 16. Rfd1 Qa5 17. Qb2 e5 18. Nxe5 Nxe5 19. Bxe5 Bxe5 20. dxe5 Rxe5
21. c4 Bc6 22. Bf1 Rae8 23. Qd4 Qc5 24. Qxc5 Rxc5 25. Re1 Rxe1 26. Rxe1 Ra5 27.
Re2 Kg7 28. f4 Ra4 29. Rd2 Kf6 30. Kf2 Be4 31. Rb2 Ra3 32. Be2 b6 33. g3 h5 34.
Bf1 Rf3+ 35. Ke2 Rxg3 36. Rb5 Ra3 37. c5 0-1

[Event "4NCL/Div4/PPA2 vs. LEICS"]
[Site "Sunningdale ENG"]
[Date "2007.02.10"]
[Round "5.5"]
[White "Taylor, Robert K"]
[Black "Salisbury, Michael W"]
[Result "1-0"]
[WhiteElo "2117"]
[BlackElo "2150"]
[PlyCount "52"]
[EventDate "2007.02.10"]
[EventType "team"]
[EventRounds "11"]
[EventCountry "ENG"]

1. e4 e6 2. d4 d5 3. Nc3 dxe4 4. Nxe4 Nd7 5. Be2 Ngf6 6. Ng3 c5 7. c3 cxd4 8.
cxd4 Bb4+ 9. Bd2 Bxd2+ 10. Qxd2 O-O 11. O-O-O b6 12. Kb1 Bb7 13. Bf3 Bd5 14.
Nh3 Rc8 15. Nf4 Qc7 16. Bxd5 Nxd5 17. Nxd5 exd5 18. Nf5 Nb8 19. Rhe1 Rce8 20.
Qg5 f6 21. Qg4 Kh8 22. h4 g6 23. Ne3 Re4 24. Nxd5 Rxg4 25. Nxc7 Rxg2 26. d5 Kg7
1-0

[Event "4NCL/Div4/PPA2 vs. LEICS"]
[Site "Sunningdale ENG"]
[Date "2007.02.10"]
[Round "5.6"]
[White "Gibson, Christopher A"]
[Black "Retallick, Lloyd"]
[Result "1/2-1/2"]
[WhiteElo "2050"]
[BlackElo "2065"]
[PlyCount "74"]
[EventDate "2007.02.10"]
[EventType "team"]
[EventRounds "11"]
[EventCountry "ENG"]

1. d4 d5 2. c4 e6 3. Nc3 Be7 4. Nf3 Nf6 5. Bg5 c6 6. e3 O-O 7. Rc1 Nbd7 8. Bd3
dxc4 9. Bxc4 Nd5 10. Bxe7 Qxe7 11. O-O Nxc3 12. Rxc3 e5 13. Re1 e4 14. Nd2 Nb6
15. Bb3 Be6 16. Bxe6 Qxe6 17. a3 f5 18. f3 Nd5 19. Qb3 Qe7 20. fxe4 fxe4 21.
Rcc1 Rf6 22. Rf1 Raf8 23. Rxf6 gxf6 24. Nc4 Kh8 25. Na5 Rf7 26. Re1 Rg7 27. Qc2
f5 28. g3 h5 29. Qg2 Qg5 30. Kf2 Nf6 31. Qg1 h4 32. Re2 Qh5 33. Nc4 hxg3+ 34.
hxg3 Qf3+ 35. Ke1 Qxg3+ 36. Qxg3 Rxg3 37. Nd6 f4 1/2-1/2

[Event "4NCL/Div4/ATH1 vs. ANGA"]
[Site "Sunningdale ENG"]
[Date "2007.02.10"]
[Round "5.1"]
[White "Pedersen, Carsten"]
[Black "White, Russell P"]
[Result "0-1"]
[WhiteElo "2124"]
[BlackElo "2210"]
[PlyCount "68"]
[EventDate "2007.02.10"]
[EventType "team"]
[EventRounds "11"]
[EventCountry "ENG"]

1. e4 e5 2. Nc3 Nc6 3. Bc4 d6 4. d3 Nf6 5. f4 Bg4 6. Qd2 exf4 7. Qxf4 Ne5 8.
Bb3 Be6 9. Nf3 Ng6 10. Qg3 Be7 11. Bxe6 fxe6 12. Ng5 Nf8 13. e5 dxe5 14. Qxe5
Qd6 15. Qe2 Qb6 16. Nce4 h6 17. Nf3 N8d7 18. c3 Nxe4 19. Qxe4 O-O 20. d4 c5 21.
d5 exd5 22. Qxd5+ Rf7 23. O-O Nf6 24. Qc4 Bd6 25. Bd2 Re8 26. Rae1 Rxe1 27.
Rxe1 Qxb2 28. Qe6 Qb6 29. c4 Qc7 30. Rb1 Kh8 31. Bc3 Re7 32. Qh3 Qd7 33. Qh4
Re4 34. Qf2 Bf4 0-1

[Event "4NCL/Div4/ATH1 vs. ANGA"]
[Site "Sunningdale ENG"]
[Date "2007.02.10"]
[Round "5.2"]
[White "Player, Edmund C"]
[Black "McKeown, Paul"]
[Result "1-0"]
[WhiteElo "2142"]
[BlackElo "2087"]
[PlyCount "73"]
[EventDate "2007.02.10"]
[EventType "team"]
[EventRounds "11"]
[EventCountry "ENG"]

1. e4 Nf6 2. Nc3 e5 3. Bc4 Nc6 4. d3 Bb4 5. Bg5 h6 6. Bxf6 Qxf6 7. Nge2 Na5 8.
O-O c6 9. a3 Bxc3 10. Nxc3 Nxc4 11. dxc4 d6 12. Qd3 Be6 13. b3 Rd8 14. Qe3 b6
15. a4 Qe7 16. a5 Qb7 17. axb6 axb6 18. Rfd1 O-O 19. f3 f5 20. Rd3 Qb8 21. Ra6
fxe4 22. fxe4 c5 23. Ra1 Bd7 24. Nd5 Kh7 25. h3 b5 26. cxb5 Bxb5 27. c4 Bc6 28.
Ne7 Qb7 29. Nf5 Rf6 30. Rad1 Qb8 31. Kh2 Qc7 32. g4 Rg6 33. b4 cxb4 34. c5 Qa7
35. Nxd6 b3 36. Rxb3 Qa2+ 37. Rd2 1-0

[Event "4NCL/Div4/ATH1 vs. ANGA"]
[Site "Sunningdale ENG"]
[Date "2007.02.10"]
[Round "5.3"]
[White "Stevenson, James A B"]
[Black "Gregory, Stephen J"]
[Result "1/2-1/2"]
[WhiteElo "2093"]
[BlackElo "2137"]
[PlyCount "147"]
[EventDate "2007.02.10"]
[EventType "team"]
[EventRounds "11"]
[EventCountry "ENG"]

1. d4 Nf6 2. Bg5 Nc6 3. Nf3 Ne4 4. Bf4 d5 5. e3 e6 6. Nbd2 Be7 7. Bd3 f5 8. c3
O-O 9. h3 Bd7 10. Qe2 a6 11. Ne5 Nxe5 12. Bxe5 c5 13. O-O Qb6 14. Rab1 Rf7 15.
Nf3 c4 16. Bc2 Qd8 17. Bh2 Be8 18. Ne5 Rf8 19. f3 Ng5 20. e4 Bd6 21. exf5 exf5
22. Rfe1 Qf6 23. Bf4 Rd8 24. b3 b5 25. a4 Kh8 26. axb5 axb5 27. bxc4 dxc4 28.
Qd2 Ne6 29. Bh2 f4 30. Qe2 Nc7 31. Qe4 g6 32. Ng4 Qg7 33. Ne5 Bxe5 34. dxe5 Ne6
35. Rbd1 Qc7 36. Rxd8 Qxd8 37. Rd1 Qa5 38. Rd6 Nc5 39. Qd4 Qa1+ 40. Kf2 Nb3 41.
Bxb3 cxb3 42. e6+ Kg8 43. Bxf4 Rxf4 44. Qxf4 b2 45. Rd8 Qa7+ 46. Kg3 Qe7 47.
Qf7+ Qxf7 48. exf7+ Kxf7 49. Rd1 Ke6 50. Rb1 Kd5 51. Rxb2 Kc4 52. Re2 Bd7 53.
Re3 Bf5 54. Re7 Kxc3 55. Rxh7 b4 56. Kf4 b3 57. Rc7+ Kd2 58. g4 b2 59. Rb7 b1=Q
60. Rxb1 Bxb1 61. Kg5 Ke3 62. f4 Kd4 63. h4 Kd5 64. Kf6 Ke4 65. Kg5 Kd5 66. h5
gxh5 67. Kxh5 Ke6 68. Kg5 Kf7 69. f5 Bc2 70. Kf4 Bd1 71. g5 Be2 72. Ke5 Bh5 73.
Kd6 Be2 74. Ke5 1/2-1/2

[Event "4NCL/Div4/ATH1 vs. ANGA"]
[Site "Sunningdale ENG"]
[Date "2007.02.10"]
[Round "5.4"]
[White "Wallis, Ian"]
[Black "Gruettner, Ralf"]
[Result "1-0"]
[WhiteElo "2075"]
[BlackElo "2067"]
[PlyCount "84"]
[EventDate "2007.02.10"]
[EventType "team"]
[EventRounds "11"]
[EventCountry "ENG"]

1. e4 Nf6 2. e5 Nd5 3. d4 d6 4. c4 Nb6 5. exd6 cxd6 6. Nc3 g6 7. Bd3 Bg7 8.
Nge2 Nc6 9. Be3 O-O 10. O-O e5 11. d5 Ne7 12. b3 f5 13. f4 exf4 14. Bxf4 h6 15.
Be3 g5 16. Bd4 Ng6 17. Bxg7 Kxg7 18. Qc2 Qf6 19. Rad1 Bd7 20. Ng3 Qd4+ 21. Kh1
Nh4 22. Bxf5 Qe5 23. Bd3 Bg4 24. Be2 Bf5 25. Qd2 Rae8 26. Bh5 Bg6 27. Bxg6 Nxg6
28. Rfe1 Nf4 29. Rxe5 Rxe5 30. Re1 Nd7 31. h3 Rxe1+ 32. Qxe1 Ne5 33. Qe4 Nfd3
34. Kg1 Kh8 35. Qe3 b6 36. Nb5 Rf6 37. Ne4 Rg6 38. Nbxd6 g4 39. hxg4 Kg7 40.
Nf5+ Kh7 41. g5 hxg5 42. Nxg5+ Kh8 1-0

[Event "4NCL/Div4/ATH1 vs. ANGA"]
[Site "Sunningdale ENG"]
[Date "2007.02.10"]
[Round "5.5"]
[White "McGovern, Derek P"]
[Black "Ruthen, Steven"]
[Result "1/2-1/2"]
[WhiteElo "1985"]
[BlackElo "2110"]
[PlyCount "43"]
[EventDate "2007.02.10"]
[EventType "team"]
[EventRounds "11"]
[EventCountry "ENG"]

1. e4 e5 2. Nf3 Nc6 3. Bc4 Nf6 4. Ng5 d5 5. exd5 Na5 6. Bb5+ c6 7. dxc6 bxc6 8.
Be2 h6 9. Nf3 e4 10. Ne5 Bc5 11. c3 Qc7 12. d4 exd3 13. Nxd3 Bd6 14. f4 Nc4 15.
b3 Nb6 16. c4 Nbd7 17. Nc3 Qb6 18. Na4 Qd4 19. Bb2 Qe3 20. Bc1 Qd4 21. Bb2 Qe3
22. Bc1 1/2-1/2

[Event "4NCL/Div4/ATH1 vs. ANGA"]
[Site "Sunningdale ENG"]
[Date "2007.02.10"]
[Round "5.6"]
[White "Gray, Mark S"]
[Black "Aniecko, Colin"]
[Result "1/2-1/2"]
[WhiteElo "2083"]
[BlackElo "1800"]
[PlyCount "83"]
[EventDate "2007.02.10"]
[EventType "team"]
[EventRounds "11"]
[EventCountry "ENG"]

1. e4 d5 2. exd5 Qxd5 3. Nc3 Qa5 4. d4 Nf6 5. Nf3 Bf5 6. Bd3 Bxd3 7. Qxd3 e6 8.
O-O c6 9. Ne5 Be7 10. Qg3 Rg8 11. a3 Nbd7 12. Nc4 Qd8 13. b4 Nb6 14. Ne5 Nbd5
15. Ne2 Bd6 16. c4 Ne7 17. Bb2 Qc7 18. Rfd1 Nf5 19. Qb3 Nxd4 20. Nxd4 Bxe5 21.
Nf3 Bxb2 22. Qxb2 Ke7 23. c5 Rad8 24. Nd2 Rd5 25. Nc4 Rgd8 26. Qc2 Rxd1+ 27.
Rxd1 Rxd1+ 28. Qxd1 Qd7 29. Qxd7+ Nxd7 30. Na5 Ne5 31. f4 b6 32. cxb6 axb6 33.
fxe5 bxa5 34. bxa5 Kd7 35. Kf2 Kc7 36. Ke3 f6 37. Kd4 Kb7 38. exf6 gxf6 39. g4
h6 40. a4 Ka6 41. Kc5 e5 42. Kb4 1/2-1/2

[Event "4NCL/Div4/CELT vs. WEA1"]
[Site "Sunningdale ENG"]
[Date "2007.02.10"]
[Round "5.1"]
[White "Hoffmann, Hendrik"]
[Black "Fraser, Joe P"]
[Result "1-0"]
[WhiteElo "2330"]
[BlackElo "1972"]
[PlyCount "107"]
[EventDate "2007.02.10"]
[EventType "team"]
[EventRounds "11"]
[EventCountry "ENG"]

1. e4 c5 2. Nf3 Nc6 3. d4 cxd4 4. Nxd4 Nf6 5. Nc3 e5 6. Ndb5 d6 7. Bg5 a6 8.
Na3 b5 9. Nd5 Be7 10. Bxf6 Bxf6 11. c3 Ne7 12. Nxf6+ gxf6 13. Bd3 d5 14. Qe2 f5
15. O-O-O fxe4 16. Bxe4 Be6 17. f4 exf4 18. Rhe1 O-O 19. Qh5 Ng6 20. Bxd5 Bxd5
21. Rxd5 Qb6 22. Nc2 Rfe8 23. Red1 Rad8 24. Qg4 Rxd5 25. Rxd5 Qg1+ 26. Rd1 Qxh2
27. Qd7 Rf8 28. Qb7 Nh4 29. Qxa6 Qxg2 30. Qxb5 Qg4 31. Qb6 Ng6 32. a4 f3 33.
Qd4 Qg5+ 34. Qe3 Qg4 35. a5 Qf5 36. a6 f2 37. Rf1 Qb5 38. Qxf2 Qxa6 39. Rh1 Qc4
40. Qh2 Qf4+ 41. Qxf4 Nxf4 42. Nd4 Kg7 43. Kd2 Rb8 44. b4 Nd5 45. b5 Kg6 46. c4
Nc7 47. Kc3 h5 48. Kb4 Na6+ 49. Ka5 Nc5 50. Nc6 Rb7 51. Ne5+ Kg5 52. b6 f6 53.
Kb5 Ne4 54. Kc6 1-0

[Event "4NCL/Div4/CELT vs. WEA1"]
[Site "Sunningdale ENG"]
[Date "2007.02.10"]
[Round "5.2"]
[White "Prescott, Adam P"]
[Black "Kemp, Peter D"]
[Result "0-1"]
[WhiteElo "1934"]
[BlackElo "2192"]
[PlyCount "102"]
[EventDate "2007.02.10"]
[EventType "team"]
[EventRounds "11"]
[EventCountry "ENG"]

1. e4 e5 2. Nf3 Nc6 3. c3 d5 4. Qa4 Bd7 5. exd5 Nd4 6. Qd1 Nxf3+ 7. Qxf3 Bd6 8.
d4 exd4 9. cxd4 Qh4 10. Nc3 O-O-O 11. Qd3 Nf6 12. Be2 Rhe8 13. Be3 Ng4 14. Bxg4
Qxg4 15. g3 Qf3 16. Kd2 Kb8 17. a3 Bg4 18. Rae1 f5 19. h3 Bh5 20. Rhf1 h6 21.
h4 a6 22. Qe2 Qxe2+ 23. Nxe2 Bf7 24. Nc3 Kc8 25. Kd3 b5 26. Bf4 Kd7 27. Be5
Bxe5 28. dxe5 Bxd5 29. Nxd5 Ke6 30. f4 Rxd5+ 31. Kc3 Red8 32. Re3 c5 33. b3 Rd2
34. Rff3 Ra2 35. Rd3 Rxd3+ 36. Rxd3 Rxa3 37. Kb2 b4 38. Rd6+ Ke7 39. Rc6 a5 40.
Rxc5 a4 41. Rc7+ Ke6 42. Rxg7 Rxb3+ 43. Kc2 Rc3+ 44. Kb2 a3+ 45. Kb1 b3 46. Ra7
a2+ 47. Kb2 Rxg3 48. Ra6+ Kd5 49. Ra5+ Kc4 50. Ra4+ Kb5 51. Ra8 Rg1 0-1

[Event "4NCL/Div4/CELT vs. WEA1"]
[Site "Sunningdale ENG"]
[Date "2007.02.10"]
[Round "5.3"]
[White "Thomas, Robert K"]
[Black "Tucker, Andrew L"]
[Result "1-0"]
[WhiteElo "2137"]
[BlackElo "1956"]
[PlyCount "95"]
[EventDate "2007.02.10"]
[EventType "team"]
[EventRounds "11"]
[EventCountry "ENG"]

1. d4 Nf6 2. c4 g6 3. Nc3 d5 4. cxd5 Nxd5 5. e4 Nxc3 6. bxc3 Bg7 7. Bc4 c5 8.
Ne2 O-O 9. O-O Nc6 10. Be3 Bg4 11. f3 Na5 12. Bd3 cxd4 13. cxd4 Bd7 14. Rc1 f5
15. e5 e6 16. Qd2 Bc6 17. Bg5 Qc7 18. Rc2 b6 19. Rfc1 Qd7 20. Ba6 Rf7 21. Qb4
Bf8 22. Qb2 b5 23. Qc3 b4 24. Qd3 Rb8 25. Bd2 Bb5 26. Bxb5 Qxb5 27. Qxb5 Rxb5
28. Rc8 Kg7 29. Re8 Re7 30. Ra8 Rb6 31. Rcc8 Rf7 32. Bg5 Nc6 33. Bf6+ Kg8 34.
Re8 Ra6 35. Rxe6 Rxa2 36. Rxc6 Rxe2 37. Kf1 Re3 38. Kf2 f4 39. g3 Rc3 40. Rxc3
bxc3 41. Rc8 Rb7 42. gxf4 Kf7 43. Rxc3 Bb4 44. Rc6 a5 45. Ra6 Rc7 46. Ke3 Rc1
47. Ke4 Rd1 48. Kd5 1-0

[Event "4NCL/Div4/CELT vs. WEA1"]
[Site "Sunningdale ENG"]
[Date "2007.02.10"]
[Round "5.4"]
[White "Grant, David"]
[Black "Haldane, Robin"]
[Result "1/2-1/2"]
[WhiteElo "1920"]
[BlackElo "2122"]
[PlyCount "87"]
[EventDate "2007.02.10"]
[EventType "team"]
[EventRounds "11"]
[EventCountry "ENG"]

1. e4 e5 2. Bc4 Nf6 3. d3 c6 4. Nf3 d5 5. exd5 cxd5 6. Bb3 Nc6 7. O-O Bd6 8.
Bg5 Be6 9. Nc3 Be7 10. Re1 h6 11. Bh4 d4 12. Bxe6 dxc3 13. Bb3 cxb2 14. Rb1 Qa5
15. Rxb2 Bb4 16. Re2 Bc3 17. Bxf6 gxf6 18. Rb1 O-O-O 19. Bxf7 Rd6 20. Nd2 Bxd2
21. Qxd2 Qc7 22. Bc4 Nd4 23. Re3 f5 24. c3 f4 25. Re4 Nc6 26. Qe2 Qg7 27. Rb2
h5 28. Qf3 Qg4 29. Qe2 Qg5 30. Bb5 f3 31. Qf1 fxg2 32. Qe1 Qd8 33. Bxc6 bxc6
34. Reb4 Qf6 35. Rb8+ Kd7 36. R2b7+ Ke6 37. Rxh8 Qxh8 38. d4 Rd7 39. Rxd7 Kxd7
40. Qxe5 Qg8 41. Qxh5 Qxa2 42. Kxg2 a5 43. Qf5+ Kc7 44. Qe5+ 1/2-1/2

[Event "4NCL/Div4/CELT vs. WEA1"]
[Site "Sunningdale ENG"]
[Date "2007.02.10"]
[Round "5.5"]
[White "French, Angus"]
[Black "Bucher, Grant W"]
[Result "1-0"]
[WhiteElo "2105"]
[BlackElo "1855"]
[PlyCount "49"]
[EventDate "2007.02.10"]
[EventType "team"]
[EventRounds "11"]
[EventCountry "ENG"]

1. e4 e5 2. Nf3 Nc6 3. d4 exd4 4. Nxd4 Nf6 5. Nxc6 bxc6 6. Nc3 Bb4 7. Bd3 O-O
8. O-O Re8 9. Re1 d6 10. Bg5 Qe7 11. a3 Bxc3 12. bxc3 Qe5 13. Qd2 Be6 14. h3
Nd7 15. Be3 Qa5 16. f4 Nb6 17. f5 Nc4 18. Qf2 Bxf5 19. exf5 Nxe3 20. Rxe3 Rxe3
21. Qxe3 Qxc3 22. Re1 g6 23. fxg6 hxg6 24. Rf1 Rf8 25. Qxa7 1-0

[Event "4NCL/Div4/CELT vs. WEA1"]
[Site "Sunningdale ENG"]
[Date "2007.02.10"]
[Round "5.6"]
[White "Cumming, Rhys"]
[Black "Larter, Nick"]
[Result "1/2-1/2"]
[WhiteElo "1845"]
[BlackElo "1706"]
[PlyCount "90"]
[EventDate "2007.02.10"]
[EventType "team"]
[EventRounds "11"]
[EventCountry "ENG"]

1. e4 e6 2. d4 d5 3. e5 c5 4. c3 Qb6 5. Nf3 Bd7 6. Be2 cxd4 7. cxd4 Bb5 8. Nc3
Bxe2 9. Qxe2 Nc6 10. Be3 Bb4 11. O-O Bxc3 12. bxc3 Nge7 13. Rab1 Qc7 14. Qb5 b6
15. Rfc1 O-O 16. Bg5 h6 17. Bh4 Nf5 18. g4 Nxh4 19. Nxh4 Na5 20. Qd3 Qc4 21.
Qc2 Rac8 22. Nf3 f6 23. exf6 Rxf6 24. Ne5 Qc7 25. Qe2 Nc4 26. Nxc4 Qxc4 27.
Qxc4 Rxc4 28. Kg2 Rf4 29. f3 g5 30. Kf2 Kf7 31. Ke3 Kf6 32. h4 Kg6 33. hxg5
hxg5 34. Ke2 Rf7 35. Rb3 Rh7 36. Rf1 Rhc7 37. Kd3 Rh7 38. Re1 Kf6 39. Ra3 Rcc7
40. Re2 Rh1 41. Re3 Rd1+ 42. Ke2 Ra1 43. Rd3 Rh7 44. Rd2 a5 45. Ke3 Rb1 1/2-1/2